000 00336nam a2200133Ia 4500
008 151001s9999||||xx |||||||||||||| ||und||
100 _aअनंत फाटक
245 _aनाती नियतीची
250 _a1
260 _bकेशरी प्रकाशन
260 _c1972
300 _a128
365 _b18
999 _c955687
_d955684